[Event "Vezerkepzo GM November 2021"]
[Site "Budapest"]
[Date "2021.11.20"]
[Round "3.3"]
[White "Chakravarthi Reddy, M."]
[Black "Karthik Venkataraman"]
[Result "1/2-1/2"]
[WhiteElo "2332"]
[BlackElo "2491"]
[Annotator "TA"]
[PlyCount "112"]
[EventDate "2021.11.20"]
[EventType "tourn"]
[EventCountry "HUN"]
[SourceTitle "playchess.com"]
[Source "ChessBase"]
[SourceQuality "1"]

{[%evp 11,112,0,23,0,33,-5,0,0,0,0,12,11,32,14,25,24,26,20,29,21,22,22,22,22,10,22,40,0,0,0,0,0,0,0,0,0,0,0,2,-42,-2,0,0,-12,-3,-4,-4,-5,-6,-3,0,-4,-2,-8,0,0,0,-7,0,-2,0,0,0,-8,-8,-8,-8,-8,-8,-8,-8,-8,-8,-8,-8,-8,-8,-8,-8,-8,-8,-8,-8,-8,0,-8,-8,-9,0,0,0,0,0,0,0,0,0,0,0,0,0,0,0]} 1. d4 Nf6 2. c4 e6 3. Nf3 d5 4. cxd5 exd5 5. Nc3 c6 6. Bg5 Nbd7 7. Qc2 {D51: Queen's Gambit Declined: 4 Bg5 Nbd7 sidelines.} h6 8. Bf4 Nh5 9. Bd2 Nhf6 10. Bf4 Bb4 11. a3 Ba5 {[#]} 12. b4 $146 ({Predecessor:} 12. e3 O-O 13. Bd3 Re8 14. b4 Bb6 15. h3 Qe7 16. O-O Ne4 17. Na4 Ndf6 18. b5 Nh5 19. Bh2 Bc7 20. bxc6 Bxh2+ 21. Nxh2 bxc6 22. Qxc6 {1-0 (39) Czerwonski,A (2380)-Kurek,J (2165) Krynica 1998}) 12... Bc7 13. Bxc7 Qxc7 14. e3 O-O 15. Bd3 Qd6 16. O-O a5 17. Rab1 axb4 18. axb4 b6 19. e4 dxe4 20. Nxe4 Nxe4 21. Bxe4 {Hoping for b5.} Bb7 22. b5 {[%cal Rb5c6]} Rac8 {[%cal Ba8c8,Bc8c7,Bc7e7][%mdl 32]} 23. Qb2 Rfe8 24. Nd2 Rc7 25. Rfe1 Nf6 26. bxc6 {The position is equal.} Bxc6 27. Qxb6 Nxe4 28. Nxe4 {[#]} Rce7 $1 {[%cal Re7e4]} 29. f3 (29. Nxd6 $2 {is a self mate.} Rxe1+ 30. Rxe1 Rxe1#) 29... Qd7 30. d5 Qxd5 31. Rbc1 {Black must now prevent Red1.} Ba8 32. Red1 Qh5 33. Ng3 Qg5 34. Qf2 Qa5 35. Ra1 Qe5 36. Qd4 Qg5 37. Qf2 h5 38. Re1 h4 39. Nf5 Rxe1+ 40. Rxe1 Rxe1+ 41. Qxe1 h3 {[%csl Gh3][%cal Rg5g2] [#]} 42. Ng3 Qc5+ 43. Qf2 Qc1+ 44. Nf1 hxg2 45. Kxg2 Qc6 46. Qe3 Qc2+ 47. Qd2 Qc6 (47... Qg6+ {feels hotter.} 48. Ng3 Qf6 49. Qe3 Bc6 50. Ne4 Qe6) 48. Qe3 Kh7 49. Qd3+ g6 50. Nd2 Qe6 51. Qc4 Qe7 (51... Bd5 {seems wilder.} 52. Qh4+ Kg8 53. Ne4 Kg7 54. Qf4 f6) 52. h4 f5 53. Kf2 Qa7+ 54. Kg2 Qe7 55. Kf2 Qa7+ 56. Kg2 Qe7 {An uneventful encounter.  Weighted Error Value: White=0.04/Black=0.04} 1/2-1/2

[Event "Vezerkepzo GM November 2021"]
[Site "Budapest"]
[Date "2021.11.20"]
[Round "3.4"]
[White "Souhardo Basak"]
[Black "Nitish Belurkar"]
[Result "1/2-1/2"]
[WhiteElo "2382"]
[BlackElo "2362"]
[Annotator "NA"]
[PlyCount "40"]
[EventDate "2021.11.20"]
[EventType "tourn"]
[EventCountry "HUN"]
[SourceTitle "playchess.com"]
[Source "ChessBase"]
[SourceQuality "1"]
[TimeControl "40/5400+30:1800+30"]

1. e4 {[%emt 0:00:07]} e6 {[%emt 0:00:07]} 2. d4 {[%emt 0:00:35]} d5 {[%emt 0:00:05]} 3. Nd2 {[%emt 0:00:06]} c5 {[%emt 0:00:04]} 4. exd5 {[%emt 0:00:10]} Qxd5 {[%emt 0:00:05]} 5. dxc5 {[%emt 0:00:14]} Bxc5 {[%emt 0:00:07]} 6. Ngf3 {[%emt 0:00:07]} Nf6 {[%emt 0:00:04]} 7. Bc4 {[%emt 0:00:07]} Qc6 {[%emt 0:00:05]} 8. Qe2 {[%emt 0:00:10]} O-O {[%emt 0:00:07]} 9. Nb3 {[%emt 0:01:37]} Bd6 {[%emt 0:02:24]} 10. Nbd4 {[%emt 0:03:00]} Qb6 {[%emt 0:01:48]} 11. Nb5 {[%emt 0:08:55]} Bc5 {[%emt 0:02:08]} 12. O-O {[%emt 0:05:32]} Bd7 {[%emt 0:04:16]} 13. a4 {[%emt 0:17:02]} Nc6 {[%emt 0:11:39]} 14. Bf4 {[%emt 0:04:57]} e5 {[%emt 0:11:46]} 15. Bxe5 {[%emt 0:14:24]} Nxe5 {[%emt 0:03:28]} 16. Nxe5 {[%emt 0:00:30]} Bxb5 {[%emt 0:03:28]} 17. Bxb5 {[%emt 0:00:50]} a6 {[%emt 0:00:36]} 18. Nd7 {[%emt 0:02:12]} Nxd7 {[%emt 0:00:14]} 19. Bxd7 {[%emt 0:00:02]} Rad8 {[%emt 0:01:00]} 20. Rfd1 {[%emt 0:07:02]} Bd4 {[%emt 0:08:46]} 1/2-1/2

[Event "Vezerkepzo GM November 2021"]
[Site "Budapest"]
[Date "2021.11.20"]
[Round "3.5"]
[White "Manish Anto Cristiano F"]
[Black "Prraneeth Vuppala"]
[Result "0-1"]
[WhiteElo "2371"]
[BlackElo "2275"]
[Annotator "NA"]
[PlyCount "106"]
[EventDate "2021.11.20"]
[EventType "tourn"]
[EventCountry "HUN"]
[SourceTitle "playchess.com"]
[Source "ChessBase"]
[SourceQuality "1"]
[TimeControl "40/5400+30:1800+30"]

1. d4 {[%emt 0:06:21]} d5 {[%emt 0:01:51]} 2. c4 {[%emt 0:00:11]} e6 {[%emt 0:00:05]} 3. Nc3 {[%emt 0:00:09]} a6 {[%emt 0:00:08]} 4. cxd5 {[%emt 0:00:52]} exd5 {[%emt 0:00:08]} 5. Nf3 {[%emt 0:00:07]} c6 {[%emt 0:00:13]} 6. Bf4 {[%emt 0:01:11]} Bd6 {[%emt 0:00:31]} 7. Bxd6 {[%emt 0:01:37]} Qxd6 {[%emt 0:00:07]} 8. e4 {[%emt 0:01:08]} dxe4 {[%emt 0:17:39]} 9. Nxe4 {[%emt 0:00:21]} Qe7 {[%emt 0:01:12]} 10. Qe2 {[%emt 0:02:20]} Kf8 {[%emt 0:19:23]} 11. Qe3 {[%emt 0:22:25]} Nd7 {[%emt 0:05:28]} 12. Bd3 {[%emt 0:08:24]} Ngf6 {[%emt 0:02:13]} 13. O-O {[%emt 0:06:33]} Nxe4 {[%emt 0:01:42]} 14. Bxe4 {[%emt 0:00:11]} Nf6 {[%emt 0:00:07]} 15. Ne5 {[%emt 0:00:39]} Nxe4 {[%emt 0:01:57]} 16. Qxe4 {[%emt 0:00:11]} g6 {[%emt 0:00:57]} 17. Rfe1 {[%emt 0:02:20]} Kg7 {[%emt 0:00:59]} 18. d5 {[%emt 0:13:12]} cxd5 {[%emt 0:02:18]} 19. Qd4 {[%emt 0:02:11]} Qf6 {[%emt 0:01:32]} 20. Rac1 {[%emt 0:02:14]} Be6 {[%emt 0:23:01]} 21. Rc3 {[%emt 0:05:15]} h5 {[%emt 0:00:25]} 22. Rc7 {[%emt 0:01:35]} b5 {[%emt 0:02:07]} 23. h3 {[%emt 0:06:15]} Rhc8 {[%emt 0:04:17]} 24. Rb7 {[%emt 0:01:01]} Rc2 {[%emt 0:03:37]} 25. Nf3 {[%emt 0:00:49]} Rc4 {[%emt 0:00:41]} 26. Qd2 {[%emt 0:03:32]} Rac8 {[%emt 0:00:46]} 27. Ng5 {[%emt 0:01:12]} R8c7 {[%emt 0:00:35]} 28. Rb6 {[%emt 0:02:31]} R4c6 {[%emt 0:00:35]} 29. Qe3 {[%emt 0:04:02]} d4 {[%emt 0:04:57]} 30. Nxe6+ {[%emt 0:00:15]} fxe6 {[%emt 0:00:27]} 31. Qg3 {[%emt 0:00:22]} h4 {[%emt 0:01:23]} 32. Rxc6 {[%emt 0:01:28]} Rxc6 {[%emt 0:00:08]} 33. Qd3 {[%emt 0:01:47]} Qf4 {[%emt 0:02:44]} 34. g3 {[%emt 0:02:16]} Qd6 {[%emt 0:00:55]} 35. gxh4 {[%emt 0:00:31]} Qd5 {[%emt 0:00:52]} 36. a3 {[%emt 0:01:07]} e5 {[%emt 0:00:29]} 37. Kh2 {[%emt 0:01:10]} Rf6 {[%emt 0:00:55]} 38. Qg3 {[%emt 0:00:21]} e4 {[%emt 0:00:55]} 39. Rc1 {[%emt 0:00:49]} Qf5 {[%emt 0:00:27]} 40. Rc7+ {[%emt 0:00:00]} Kh6 {[%emt 0:00:00]} 41. Kh1 {[%emt 0:14:16]} e3 {[%emt 0:10:04]} 42. Qg5+ {[%emt 0:04:17]} Qxg5 {[%emt 0:00:07]} 43. hxg5+ {[%emt 0:00:04]} Kxg5 {[%emt 0:00:05]} 44. fxe3 {[%emt 0:00:08]} dxe3 {[%emt 0:00:04]} 45. Re7 {[%emt 0:00:21]} Kf4 {[%emt 0:00:40]} 46. Kg2 {[%emt 0:00:50]} Rc6 {[%emt 0:03:43]} 47. b3 {[%emt 0:00:34]} Rc2+ {[%emt 0:12:02]} 48. Kf1 {[%emt 0:00:26]} Ra2 {[%emt 0:00:12]} 49. Re6 {[%emt 0:00:51]} Rxa3 {[%emt 0:02:42]} 50. Rxg6 {[%emt 0:00:51]} a5 {[%emt 0:00:42]} 51. Ra6 {[%emt 0:00:44]} Rxb3 {[%emt 0:00:25]} 52. Rxa5 {[%emt 0:00:09]} Kf3 {[%emt 0:00:12]} 53. Ra1 {[%emt 0:00:18]} Rb2 {[%emt 0:01:04]} 0-1

[Event "Vezerkepzo GM November 2021"]
[Site "Budapest"]
[Date "2021.11.21"]
[Round "4.1"]
[White "Pap, Misa"]
[Black "Prraneeth Vuppala"]
[Result "0-1"]
[WhiteElo "2377"]
[BlackElo "2275"]
[Annotator "NA"]
[PlyCount "70"]
[EventDate "2021.11.20"]
[EventType "tourn"]
[EventCountry "HUN"]
[SourceTitle "playchess.com"]
[Source "ChessBase"]
[SourceQuality "1"]
[TimeControl "40/5400+30:1800+30"]

1. e4 {[%emt 0:01:59]} c5 {[%emt 0:00:10]} 2. c3 {[%emt 0:00:23]} Nf6 {[%emt 0:00:07]} 3. e5 {[%emt 0:00:07]} Nd5 {[%emt 0:00:05]} 4. Nf3 {[%emt 0:00:23]} d6 {[%emt 0:00:36]} 5. d4 {[%emt 0:03:53]} cxd4 {[%emt 0:00:12]} 6. cxd4 {[%emt 0:02:29]} Nc6 {[%emt 0:00:19]} 7. Bc4 {[%emt 0:00:02]} dxe5 {[%emt 0:00:21]} 8. dxe5 {[%emt 0:01:03]} Be6 {[%emt 0:00:29]} 9. O-O {[%emt 0:13:53]} g6 {[%emt 0:00:08]} 10. Ng5 {[%emt 0:03:21]} Bg7 {[%emt 0:00:18]} 11. Nxe6 {[%emt 0:00:32]} fxe6 {[%emt 0:00:06]} 12. Qe2 {[%emt 0:09:15]} O-O {[%emt 0:03:37]} 13. f4 {[%emt 0:08:48]} g5 {[%emt 0:17:37]} 14. g3 {[%emt 0:05:53]} gxf4 {[%emt 0:08:11]} 15. gxf4 {[%emt 0:00:02]} Qb6+ {[%emt 0:03:30]} 16. Kh1 {[%emt 0:00:40]} Qd4 {[%emt 0:01:17]} 17. Nc3 {[%emt 0:04:49]} Nxf4 {[%emt 0:02:56]} 18. Bxf4 {[%emt 0:02:41]} Rxf4 {[%emt 0:00:07]} 19. Rxf4 {[%emt 0:09:48]} Qxf4 {[%emt 0:00:08]} 20. Rf1 {[%emt 0:00:27]} Qxe5 {[%emt 0:02:59]} 21. Qg4 {[%emt 0:00:01]} Nd4 {[%emt 0:08:28]} 22. Qg2 {[%emt 0:10:23]} Rf8 {[%emt 0:24:43]} 23. Rxf8+ {[%emt 0:03:53]} Kxf8 {[%emt 0:00:05]} 24. Qxb7 {[%emt 0:00:06]} Nf5 {[%emt 0:06:31]} 25. Qxa7 {[%emt 0:06:22]} Qe1+ {[%emt 0:01:21]} 26. Kg2 {[%emt 0:00:01]} Bxc3 {[%emt 0:07:58]} 27. Qa8+ {[%emt 0:00:12]} Kg7 {[%emt 0:00:46]} 28. bxc3 {[%emt 0:00:08]} Ne3+ {[%emt 0:00:44]} 29. Kh3 {[%emt 0:00:14]} Nxc4 {[%emt 0:00:09]} 30. Qg2+ {[%emt 0:00:01]} Kh6 {[%emt 0:00:30]} 31. Qg4 {[%emt 0:00:02]} Qxc3+ {[%emt 0:01:02]} 32. Kh4 {[%emt 0:00:03]} Qf6+ {[%emt 0:00:13]} 33. Kh3 {[%emt 0:00:30]} Qf5 {[%emt 0:00:17]} 34. a4 {[%emt 0:00:01]} Qxg4+ {[%emt 0:00:26]} 35. Kxg4 {[%emt 0:00:00]} Kg6 {[%emt 0:00:07]} 0-1

[Event "Vezerkepzo GM November 2021"]
[Site "Budapest"]
[Date "2021.11.21"]
[Round "4.2"]
[White "Nitish Belurkar"]
[Black "Manish Anto Cristiano F"]
[Result "1-0"]
[WhiteElo "2362"]
[BlackElo "2371"]
[Annotator "NA"]
[PlyCount "87"]
[EventDate "2021.11.20"]
[EventType "tourn"]
[EventCountry "HUN"]
[SourceTitle "playchess.com"]
[Source "ChessBase"]
[SourceQuality "1"]
[TimeControl "40/5400+30:1800+30"]

1. e4 {[%emt 0:00:06]} c5 {[%emt 0:09:46]} 2. Nf3 {[%emt 0:00:08]} d6 {[%emt 0:00:35]} 3. d4 {[%emt 0:00:06]} cxd4 {[%emt 0:00:59]} 4. Nxd4 {[%emt 0:00:06]} Nf6 {[%emt 0:00:14]} 5. Nc3 {[%emt 0:00:07]} a6 {[%emt 0:00:06]} 6. Be2 {[%emt 0:00:07]} e5 {[%emt 0:00:18]} 7. Nb3 {[%emt 0:00:05]} Be7 {[%emt 0:00:18]} 8. O-O {[%emt 0:00:07]} O-O {[%emt 0:00:33]} 9. Re1 {[%emt 0:00:05]} Be6 {[%emt 0:00:58]} 10. Bf3 {[%emt 0:00:28]} Qc7 {[%emt 0:03:01]} 11. a4 {[%emt 0:01:14]} Rc8 {[%emt 0:02:10]} 12. Be3 {[%emt 0:01:19]} Nbd7 {[%emt 0:00:25]} 13. a5 {[%emt 0:00:19]} Rab8 {[%emt 0:04:21]} 14. h3 {[%emt 0:05:32]} h6 {[%emt 0:00:23]} 15. Nd2 {[%emt 0:17:17]} Bd8 {[%emt 0:03:34]} 16. Nf1 {[%emt 0:03:46]} b5 {[%emt 0:01:41]} 17. axb6 {[%emt 0:03:32]} Nxb6 {[%emt 0:00:22]} 18. Nd2 {[%emt 0:08:08]} Nc4 {[%emt 0:05:43]} 19. Nxc4 {[%emt 0:07:38]} Bxc4 {[%emt 0:00:56]} 20. b3 {[%emt 0:00:39]} Be6 {[%emt 0:05:47]} 21. Bd2 {[%emt 0:00:18]} Qc6 {[%emt 0:06:58]} 22. Ra2 {[%emt 0:09:29]} Bb6 {[%emt 0:05:45]} 23. Na4 {[%emt 0:02:02]} Bd4 {[%emt 0:04:52]} 24. Be3 {[%emt 0:01:17]} Rb4 {[%emt 0:02:57]} 25. c4 {[%emt 0:04:39]} Bxe3 {[%emt 0:02:51]} 26. Rxe3 {[%emt 0:00:19]} Rcb8 {[%emt 0:02:00]} 27. Kh2 {[%emt 0:03:47]} Kf8 {[%emt 0:15:05]} 28. Rd3 {[%emt 0:05:19]} Ke7 {[%emt 0:03:14]} 29. Rad2 {[%emt 0:04:22]} Ne8 {[%emt 0:01:59]} 30. Nc3 {[%emt 0:06:14]} Qb6 {[%emt 0:05:32]} 31. Bg4 {[%emt 0:01:14]} Rxb3 {[%emt 0:06:27]} 32. Bxe6 {[%emt 0:00:36]} fxe6 {[%emt 0:00:09]} 33. c5 {[%emt 0:01:31]} Qxc5 {[%emt 0:01:36]} 34. Nd5+ {[%emt 0:00:13]} exd5 {[%emt 0:00:05]} 35. Rxb3 {[%emt 0:00:04]} Rxb3 {[%emt 0:00:12]} 36. Qxb3 {[%emt 0:00:11]} d4 {[%emt 0:00:34]} 37. Qb7+ {[%emt 0:02:01]} Nc7 {[%emt 0:01:45]} 38. Rd3 {[%emt 0:00:59]} Qc2 {[%emt 0:01:21]} 39. Rg3 {[%emt 0:05:01]} g5 {[%emt 0:01:14]} 40. Rf3 {[%emt 0:00:00]} d3 {[%emt 0:00:00]} 41. Qb8 {[%emt 0:08:26]} Ne6 {[%emt 0:12:08]} 42. Rf5 {[%emt 0:03:40]} Qa4 {[%emt 0:07:53]} 43. Qb7+ {[%emt 0:00:47]} Kd8 {[%emt 0:00:27]} 44. Rf7 {[%emt 0:00:19]} 1-0

[Event "Vezerkepzo GM November 2021"]
[Site "Budapest"]
[Date "2021.11.21"]
[Round "4.3"]
[White "Karthik Venkataraman"]
[Black "Souhardo Basak"]
[Result "1-0"]
[WhiteElo "2491"]
[BlackElo "2382"]
[Annotator "TA"]
[PlyCount "85"]
[EventDate "2021.11.20"]
[EventType "tourn"]
[EventCountry "HUN"]
[SourceTitle "playchess.com"]
[Source "ChessBase"]
[SourceQuality "1"]

{[%evp 9,85,2,18,-14,-2,-11,18,32,33,30,39,24,35,31,44,50,55,52,58,66,77,58,60,67,111,108,104,114,113,106,99,97,137,136,132,131,137,135,126,139,137,135,137,129,153,147,153,116,113,108,100,104,208,168,204,111,125,0,219,205,204,202,145,155,268,246,262,262,250,223,227,222,443,436,580,572,778,764]} 1. e4 c5 2. Nc3 d6 3. f4 g6 4. Nf3 Bg7 5. Bb5+ Bd7 6. Bc4 {B23: Closed Sicilian: Lines without g3.} Nc6 7. d3 Nf6 8. e5 {The position is equal.} dxe5 9. fxe5 Nh5 {[#]} 10. Bxf7+ $1 Kxf7 11. e6+ $1 Bxe6 {Strongly threatening ...Kg8.} ({Avoid the trap} 11... Kxe6 $2 12. Ng5+ Kf6 13. Nce4+ Ke5 14. Nf7+ Ke6 15. Nfg5+ Ke5 16. Nf3+ Ke6 17. Nfg5+ Ke5 $18) 12. Ng5+ {[#]} Ke8 $146 {...Qd7 is the strong threat.} ({Predecessor:} 12... Kg8 13. Nxe6 Qd6 14. Nxg7 Kxg7 15. Be3 b6 16. Qd2 Nf6 17. Bh6+ Kf7 18. O-O-O Rhe8 {1-0 (37) Mitkov,N (2477)-Cardenas Carbajal,N (2095) Guatemala City 2019}) 13. Nxe6 Bxc3+ 14. bxc3 Qd6 15. Qg4 Nf6 16. Qe2 {aiming for Bf4.} Nd5 17. Bd2 Kd7 18. Ng5 {[%cal Rg5e4] Threatens to win with Ne4.} Qe5 {[#]} 19. Qxe5 $1 Nxe5 20. O-O Raf8 21. Rxf8 Rxf8 22. Nxh7 Rf5 23. Rb1 b6 24. c4 Nf4 25. Bxf4 Rxf4 $16 {[%mdl 4096] Endgame KRN-KRN} 26. Rf1 Rh4 {[#]} 27. Ng5 Nc6 28. Rf8 Nb4 29. Ra8 a5 30. Ra7+ Kd6 (30... Kc8 $16) 31. Ne4+ Kc6 32. Nc3 (32. Rxe7 $18 Nxc2 33. Re6+ Kb7 34. Rxg6) 32... Kd6 33. Ne4+ (33. g3 $16 Rh7 34. Na4) 33... Kc6 $1 $18 34. a4 Nxc2 35. Rxe7 Nb4 36. g3 Rh6 (36... Rh8 $16 37. Re6+ Kb7) 37. Re6+ Kc7 38. Nf2 Na2 {and the idea ...Nc3 leaves Black hopeful.} 39. g4 Nc3 40. g5 Rh5 (40... Rh8 41. Rxg6 Nxa4) 41. Rxg6 {White is clearly winning.} Nxa4 42. Ne4 Nb2 43. Rh6 {Weighted Error Value: White=0.11/Black=0.20} 1-0

[Event "Vezerkepzo GM November 2021"]
[Site "Budapest"]
[Date "2021.11.21"]
[Round "4.4"]
[White "Kovalev, Andrei"]
[Black "Chakravarthi Reddy, M."]
[Result "1/2-1/2"]
[WhiteElo "2501"]
[BlackElo "2332"]
[Annotator "TA"]
[PlyCount "31"]
[EventDate "2021.11.20"]
[EventType "tourn"]
[EventCountry "HUN"]
[SourceTitle "playchess.com"]
[Source "ChessBase"]
[SourceQuality "1"]

{[%evp 19,31,19,23,18,14,7,8,0,11,0,0,0,0,0]} 1. e4 e6 2. d4 d5 3. Nc3 Nf6 4. Bg5 Be7 5. e5 Nfd7 6. Bxe7 Qxe7 7. f4 a6 8. Nf3 c5 9. Qd2 Nc6 10. dxc5 Nxc5 $1 {10...Nxc5 scores better than 10...Qxc5.} 11. Qe3 {C14: French: Classical System: 4 Bg5 Be7 main line.} b5 {The position is equal.} 12. a3 {[#]} Qa7 $146 ({Predecessor:} 12... Bb7 13. b4 Nd7 14. Be2 O-O 15. O-O f6 16. Bd3 d4 17. Nxd4 Nxd4 18. Qxd4 fxe5 19. fxe5 {1-0 (57) Nevednichy,V (2522)-Mateuta,G (2514) Mamaia 2019}) 13. Rd1 O-O 14. b4 Nd7 15. Qxa7 Rxa7 16. Bd3 {A rather calm draw.  Weighted Error Value: White=0.06/Black=0.02} 1/2-1/2

[Event "Vezerkepzo GM November 2021"]
[Site "Budapest"]
[Date "2021.11.21"]
[Round "4.5"]
[White "Juhasz, Agoston"]
[Black "Murphy, Conor E"]
[Result "0-1"]
[WhiteElo "2379"]
[BlackElo "2421"]
[Annotator "RC"]
[PlyCount "162"]
[EventDate "2021.11.20"]
[EventType "tourn"]
[EventCountry "HUN"]
[SourceTitle "playchess.com"]
[Source "ChessBase"]
[SourceQuality "1"]
[TimeControl "40/5400+30:1800+30"]

1. e4 {[%emt 0:00:04]} e5 {[%emt 0:01:44]} 2. Nf3 {[%emt 0:00:07]} Nc6 {[%emt 0:00:04]} 3. Bc4 {[%emt 0:00:13]} Nf6 {[%emt 0:00:24]} 4. d3 {[%emt 0:00:16]} Bc5 {[%emt 0:00:40]} 5. O-O {[%emt 0:00:35]} a6 {[%emt 0:01:06]} 6. c3 {[%emt 0:00:26]} d6 {[%emt 0:03:13]} 7. Bb3 {[%emt 0:00:47]} Ba7 {[%emt 0:00:19]} 8. Nbd2 {[%emt 0:04:09]} O-O {[%emt 0:00:34]} 9. h3 {[%emt 0:02:14]} h6 {[%emt 0:00:28]} 10. Re1 {[%emt 0:00:56]} Re8 {[%emt 0:00:22]} 11. Nf1 {[%emt 0:01:35]} Be6 {[%emt 0:00:45]} 12. Bc2 {[%emt 0:04:12]} d5 {[%emt 0:00:45]} 13. exd5 {[%emt 0:00:18]} Qxd5 {[%emt 0:12:48]} 14. Ng3 {[%emt 0:00:55]} Rad8 {[%emt 0:00:31]} 15. b4 {[%emt 0:04:03]} Qd6 {[%emt 0:15:34]} 16. a4 {[%emt 0:12:24]} Bxh3 {[%emt 0:15:25]} 17. gxh3 {[%emt 0:20:51]} e4 {[%emt 0:00:29]} 18. Nf5 {[%emt 0:09:27]} Qe6 {[%emt 0:01:23]} 19. N3d4 {[%emt 0:02:34]} Nxd4 {[%emt 0:06:09]} 20. Nxd4 {[%emt 0:00:07]} Rxd4 {[%emt 0:20:29]} 21. cxd4 {[%emt 0:01:27]} Bxd4 {[%emt 0:00:59]} 22. Be3 {[%emt 0:22:45]} Bxa1 {[%emt 0:00:49]} 23. Qxa1 {[%emt 0:00:02]} Qxh3 {[%emt 0:01:10]} 24. Bd1 {[%emt 0:05:18]} exd3 {[%emt 0:01:47]} 25. Qd4 {[%emt 0:00:21]} Re6 {[%emt 0:04:53]} 26. Bd2 {[%emt 0:04:20]} Rd6 {[%emt 0:00:23]} 27. Qe3 {[%emt 0:00:11]} Qd7 {[%emt 0:02:41]} 28. Qf3 {[%emt 0:01:27]} Nd5 {[%emt 0:04:17]} 29. Re5 {[%emt 0:00:59]} Rg6+ {[%emt 0:00:37]} 30. Kh1 {[%emt 0:00:31]} Nb6 {[%emt 0:00:45]} 31. Bb3 {[%emt 0:00:44]} Rf6 {[%emt 0:00:14]} 32. Qe4 {[%emt 0:00:48]} Qh3+ {[%emt 0:01:09]} 33. Kg1 {[%emt 0:00:01]} Nd7 {[%emt 0:00:38]} 34. Re8+ {[%emt 0:01:12]} Nf8 {[%emt 0:00:02]} 35. b5 {[%emt 0:00:31]} a5 {[%emt 0:01:55]} 36. Bc4 {[%emt 0:00:39]} Qh5 {[%emt 0:01:36]} 37. Qxd3 {[%emt 0:00:52]} Rd6 {[%emt 0:00:55]} 38. Qc3 {[%emt 0:00:38]} Qg4+ {[%emt 0:00:46]} 39. Kf1 {[%emt 0:00:08]} Rxd2 {[%emt 0:00:34]} 40. Qxd2 {[%emt 0:00:00]} Qxc4+ {[%emt 0:00:00]} 41. Ke1 {[%emt 0:04:22]} g5 {[%emt 0:07:13]} 42. Qxa5 {[%emt 0:06:12]} Kg7 {[%emt 0:08:17]} 43. Re3 {[%emt 0:04:53]} Kg6 {[%emt 0:01:18]} 44. Qc3 {[%emt 0:10:30]} Qxa4 {[%emt 0:01:23]} 45. Qd3+ {[%emt 0:01:13]} Kg7 {[%emt 0:00:59]} 46. Qc3+ {[%emt 0:00:35]} Kg8 {[%emt 0:00:52]} 47. Qxc7 {[%emt 0:02:28]} Qb4+ {[%emt 0:02:09]} 48. Qc3 {[%emt 0:01:27]} Qb1+ {[%emt 0:00:55]} 49. Kd2 {[%emt 0:00:29]} Qxb5 {[%emt 0:00:06]} 50. Qc8 {[%emt 0:00:32]} Qb4+ {[%emt 0:00:55]} 51. Ke2 {[%emt 0:00:13]} b5 {[%emt 0:00:30]} 52. Kf3 {[%emt 0:00:42]} Qd6 {[%emt 0:02:55]} 53. Kg2 {[%emt 0:00:34]} b4 {[%emt 0:00:27]} 54. Rf3 {[%emt 0:00:40]} Qd5 {[%emt 0:01:32]} 55. Qf5 {[%emt 0:00:36]} Qb7 {[%emt 0:00:18]} 56. Kg1 {[%emt 0:02:25]} b3 {[%emt 0:00:47]} 57. Re3 {[%emt 0:00:41]} b2 {[%emt 0:00:31]} 58. Re1 {[%emt 0:00:33]} Ne6 {[%emt 0:00:24]} 59. f3 {[%emt 0:00:54]} Qb6+ {[%emt 0:01:57]} 60. Kg2 {[%emt 0:00:23]} Qd6 {[%emt 0:03:27]} 61. Qc2 {[%emt 0:00:35]} Qd4 {[%emt 0:00:48]} 62. Rd1 {[%emt 0:00:30]} Qf6 {[%emt 0:01:46]} 63. Qc8+ {[%emt 0:00:28]} Kg7 {[%emt 0:00:08]} 64. Qc2 {[%emt 0:00:20]} Nf4+ {[%emt 0:00:19]} 65. Kh2 {[%emt 0:00:12]} Ng6 {[%emt 0:00:34]} 66. Rb1 {[%emt 0:00:52]} Qf4+ {[%emt 0:00:50]} 67. Kg1 {[%emt 0:00:03]} Ne5 {[%emt 0:00:15]} 68. Qxb2 {[%emt 0:00:44]} Qg3+ {[%emt 0:00:11]} 69. Kh1 {[%emt 0:00:08]} Qxf3+ {[%emt 0:00:13]} 70. Kg1 {[%emt 0:00:23]} Qg3+ {[%emt 0:00:19]} 71. Kh1 {[%emt 0:00:05]} h5 {[%emt 0:00:58]} 72. Rf1 {[%emt 0:00:58]} Qh3+ {[%emt 0:00:30]} 73. Kg1 {[%emt 0:00:02]} Qe3+ {[%emt 0:01:19]} 74. Kh2 {[%emt 0:01:38]} g4 {[%emt 0:01:18]} 75. Kg2 {[%emt 0:00:52]} h4 {[%emt 0:00:34]} 76. Kh1 {[%emt 0:00:29]} Qe4+ {[%emt 0:00:12]} 77. Kg1 {[%emt 0:00:04]} f6 {[%emt 0:00:25]} 78. Ra1 {[%emt 0:01:06]} Nf3+ {[%emt 0:00:42]} 79. Kh1 {[%emt 0:00:15]} Ng5+ {[%emt 0:00:53]} 80. Kg1 {[%emt 0:00:20]} g3 {[%emt 0:00:18]} 81. Qg2 {[%emt 0:00:56]} Qd4+ {[%emt 0:00:08]} 0-1